English Speaking Countries Quiz Stats

 Plays Quiz Updated Jul 2, 2018

Score 0/54 Timer 06:00
10 Plays Today
Population Country % Correct
33,531,000Canada
91.4%
1,143,540,000India
85.2%
47,850,000South Africa
77.1%
4,517,800Ireland
76.4%
2,714,000Jamaica
59.1%
148,093,000Nigeria
54.9%
37,538,000Kenya
54.8%
165,449,000Pakistan
54.3%
331,000The Bahamas
52.2%
827,900Fiji
48.2%
13,349,000Zimbabwe
47.6%
294,000Barbados
45.2%
50,000St Kitts and Nevis
43.7%
23,478,000Ghana
43.1%
40,454,000Tanzania
42.4%
1,333,000Trinidad and Tobago
42.3%
2,008,000Lesotho
41.2%
30,884,000Uganda
41.1%
11,922,000Zambia
40.4%
4,839,400Singapore
40%
188,359Samoa
39.9%
2,074,000Namibia
39.7%
1,882,000Botswana
39.5%
165,000St Lucia
39.2%
38,560,000Sudan
38.1%
1,141,000eSwatini
37.9%
120,000St Vincent and the Grenadines
37.8%
Population Country % Correct
67,000Dominica
37.7%
59,000Marshall Islands
37.6%
90,457,200Philippines
37.5%
100,000Tonga
37.1%
288,000Belize
37%
3,750,000Liberia
36.6%
11,000Tuvalu
36.1%
9,725,000Rwanda
35.8%
226,000Vanuatu
35.8%
506,992Solomon Islands
35.5%
106,000Grenada
35.4%
85,000Antigua and Barbuda
35.4%
10,000Nauru
35.4%
20,000Palau
34.6%
111,000Micronesia
33.2%
95,000Kiribati
32.7%
6,331,000Papua New Guinea
32%
12,925,000Malawi
31.3%
738,000Guyana
31%
412,600Malta
30%
18,549,000Cameroon
30%
1,709,000The Gambia
29.6%
8,260,490South Sudan
29.4%
87,000Seychelles
29%
5,866,000Sierra Leone
27.8%
1,262,000Mauritius
25.5%
5,939,484Eritrea
21.2%

You're not logged in!

Compare scores with friends on all Sporcle quizzes.
OR
Log In

Show Comments

Extras

Top Quizzes Today


Score Distribution

Your Account Isn't Verified!

In order to create a playlist on Sporcle, you need to verify the email address you used during registration. Go to your Sporcle Settings to finish the process.

Report this User

Report this user for behavior that violates our Community Guidelines.

Details: